Loading...
| Science - Chemistry | 0 | 8 | 0 | 1 | 80 | 67 | 104.25 | 2 | 8 | 0.00 | 0.00 |
| Science - Other | 0 | 7 | 0 | 1 | 70 | 29 | 72.43 | 3 | 7 | 0.00 | 0.00 |
| Science - Physics | 0 | 7 | 2 | 0 | 60 | 45 | 72.14 | 4 | 7 | 0.00 | 0.00 |
| Science - Biology | 0 | 5 | 1 | 1 | 45 | 64 | 90.80 | 3 | 5 | 0.00 | 0.00 |
| Philosophy | 0 | 4 | 0 | 0 | 40 | 39 | 77.50 | 2 | 4 | 0.00 | 0.00 |
| Social Science | 0 | 4 | 2 | 0 | 30 | 52 | 77.50 | 2 | 4 | 0.00 | 0.00 |
| Fine Arts - Other | 0 | 3 | 0 | 1 | 30 | 109 | 129.67 | 0 | 3 | 0.00 | 0.00 |
| History - Other | 0 | 3 | 0 | 0 | 30 | 89 | 104.00 | 2 | 3 | 0.00 | 0.00 |
| Fine Arts - Painting and Sculpture | 0 | 2 | 0 | 1 | 20 | 83 | 106.50 | 0 | 2 | 0.00 | 0.00 |
| Geography | 0 | 2 | 0 | 0 | 20 | 37 | 64.00 | 2 | 2 | 0.00 | 0.00 |
| Religion | 0 | 2 | 1 | 0 | 15 | 63 | 74.50 | 2 | 2 | 0.00 | 0.00 |
| Literature - British | 0 | 1 | 0 | 0 | 10 | 63 | 63.00 | 1 | 1 | 0.00 | 0.00 |
| History - American | 0 | 1 | 0 | 0 | 10 | 68 | 68.00 | 1 | 1 | 0.00 | 0.00 |
| Fine Arts - Classical Music | 0 | 1 | 0 | 0 | 10 | 52 | 52.00 | 1 | 1 | 0.00 | 0.00 |
| Mythology | 0 | 1 | 0 | 0 | 10 | 103 | 103.00 | 1 | 1 | 0.00 | 0.00 |
| History - European | 0 | 1 | 1 | 1 | 5 | 121 | 121.00 | 0 | 1 | 0.00 | 0.00 |
| History - World | 0 | 0 | 1 | 0 | -5 | 0.00 | 0 | 0 | 0.00 | 0.00 |